书目信息 |
| 题名: |
华北少数民族文字文献
|
|
| 作者: | 陈自仁 , 玛·乌尼乌兰 主编 ;甘肃省古籍文献整理编译中心 编 | |
| 分册: | 第十卷 | |
| 出版信息: | 北京 学苑出版社 2012 |
|
| 页数: | 444页 | |
| 开本: | 26cm | |
| 丛书名: | 中国华北文献丛书 | |
| 单 册: | ||
| 中图分类: | H2 | |
| 科图分类: | ||
| 主题词: | 文献 , 文字 , 少数民族 , 少数民族--文字--文献--华北地区 | |
| 电子资源: | ||
| ISBN: | 978-7-5077-3935-0 | |
| 000 | 01245nam0 2200361 450 | |
| 000 | 01208nam0 2200349 450 | |
| 000 | 01263nam0 2200349 450 | |
| 001 | 006613914 | |
| 005 | 20150323082600.03 | |
| 010 | @a978-7-5077-3935-0@b精装@dCNY422.88 | |
| 100 | @a20140918e2012 emky0chiy50 ea | |
| 101 | 0 | @achi@amon |
| 102 | @aCN@b110000 | |
| 105 | @ay z 000yy | |
| 106 | @ar | |
| 200 | 1 | @a华北少数民族文字文献@9hua bei shao shu min zu wen zi wen xian@h第十卷@f甘肃省古籍文献整理编译中心,中国华北文献丛书编辑委员会编 |
| 205 | @a[影印本] | |
| 210 | @a北京@c学苑出版社@d2012 | |
| 215 | @a444页@d26cm | |
| 225 | 1 | @a中国华北文献丛书@h第五辑@f傅璇琮总主编 |
| 300 | @a甘肃省古籍文献整理编译中心重大整理项目 | |
| 461 | 0 | @12001 @a中国华北文献丛书 |
| 606 | 0 | @a文献 |
| 606 | 0 | @a文字 |
| 606 | 0 | @a少数民族 |
| 606 | 0 | @a少数民族@x文字@x文献@y华北地区 |
| 690 | @aH2@v5 | |
| 701 | 0 | @a陈自仁@9chen zi ren@f(1952-)@4主编 |
| 701 | 0 | @c(蒙族)@a玛·乌尼乌兰@9ma · wu ni wu lan@f(1944.4-)@4主编 |
| 712 | 02 | @a甘肃省古籍文献整理编译中心@9gan su sheng gu ji wen xian zheng li bian yi zhong xin@4编 |
| 801 | 0 | @aCN@b91MARC@c20140918 |
| 905 | @b0847713@dH2@e18:10@f1 | |
| 华北少数民族文字文献.第十卷/甘肃省古籍文献整理编译中心,中国华北文献丛书编辑委员会编.-[影印本].-北京:学苑出版社,2012 |
| 444页;26cm.-(中国华北文献丛书.第五辑/傅璇琮总主编) |
| 甘肃省古籍文献整理编译中心重大整理项目 |
| ISBN 978-7-5077-3935-0(精装):CNY422.88 |
| ● |
| 相关链接 |
|
|
|
|
正题名:华北少数民族文字文献
索取号:H2/18:10
 
预约/预借
| 序号 | 登录号 | 条形码 | 馆藏地/架位号 | 状态 | 备注 |
| 1 | 0847713 | 208477138 | 地方文献典藏中心/ [索取号:H2/18:10] | 在馆 |